| 000 -LEADER |
| fixed length control field |
00587nam a22001937a 4500 |
| 008 - FIXED-LENGTH DATA ELEMENTS--GENERAL INFORMATION |
| fixed length control field |
210301b ||||| |||| 00| 0 eng d |
| 040 ## - CATALOGING SOURCE |
| Original cataloging agency |
BMS College of Architecture |
| 100 ## - MAIN ENTRY--PERSONAL NAME |
| Personal name |
Bhandiwad, Akshata |
| 245 ## - TITLE STATEMENT |
| Title |
Antariksh Space park Bangalore |
| 300 ## - PHYSICAL DESCRIPTION |
| Extent |
39p. |
| 500 ## - GENERAL NOTE |
| General note |
1BM10AT008 |
| 502 ## - DISSERTATION NOTE |
| Degree type |
B.Arch |
| Name of granting institution |
BMS College of Architecture, Visvesvaraya Technological University (VTU) |
| Dissertation note |
Project Report |
| Year degree granted |
2014 |
| 650 ## - SUBJECT ADDED ENTRY--TOPICAL TERM |
| Topical term or geographic name as entry element |
Park |
| 650 ## - SUBJECT ADDED ENTRY--TOPICAL TERM |
| Topical term or geographic name as entry element |
Bangalore |
| 700 ## - ADDED ENTRY--PERSONAL NAME |
| Personal name |
Bhaghyalaxmi M |
| Relator term |
Guide |
| 700 ## - ADDED ENTRY--PERSONAL NAME |
| Personal name |
Dakshayini R. Patil |
| Relator term |
Guide |
| 700 ## - ADDED ENTRY--PERSONAL NAME |
| Personal name |
Shanthala V |
| Relator term |
Guide |
| 942 ## - ADDED ENTRY ELEMENTS (KOHA) |
| Source of classification or shelving scheme |
|
| Koha item type |
UG-Thesis and Dissertations |